[Event "Wch u20 girls"]
[Site "Kocaeli"]
[Date "2013.09.23"]
[Round "10.18"]
[White "Derakhshani, Dorsa"]
[Black "Ivana Maria, Furtado"]
[Result "0-1"]
[WhiteElo "2078"]
[BlackElo "2134"]
[PlyCount "56"]
[EventDate "2013.09.??"]
[EventType "swiss"]
[EventRounds "13"]
[EventCountry "TUR"]
[Source "CBase R.Goldau"]
[SourceDate "2000.03.01"]
[TimeControl "40/5400+30:1800+30"]

1. e4 {[%emt 0:00:30]} e6 {[%emt 0:00:30]} 2. d4 {[%emt 0:00:00]} d5 {[%emt 0:
00:30]} 3. e5 {[%emt 0:00:00]} c5 {[%emt 0:00:00]} 4. c3 {[%emt 0:00:00]} Nc6 {
[%emt 0:00:00]} 5. Nf3 {[%emt 0:00:00]} Qb6 {[%emt 0:00:30]} 6. a3 {[%emt 0:00:
30]} Nh6 {[%emt 0:00:30]} 7. b4 {[%emt 0:00:30]} cxd4 {[%emt 0:00:00]} 8. cxd4
{[%emt 0:00:30]} Nf5 {[%emt 0:00:00]} 9. Bb2 {[%emt 0:00:30]} Bd7 {[%emt 0:00:
30]} 10. g4 {[%emt 0:00:30]} Nfe7 {[%emt 0:00:30]} 11. Nc3 {[%emt 0:00:30]} Na5
{[%emt 0:01:30]} 12. Nd2 {[%emt 0:02:30]} Ng6 {[%emt 0:02:30]} 13. h4 {[%emt 0:
08:30]} Be7 {[%emt 0:03:30]} 14. h5 {[%emt 0:08:30]} Nf4 {[%emt 0:00:30]} 15.
Rc1 {[%emt 0:06:30]} Rc8 {[%emt 0:13:30]} 16. Qf3 {[%emt 0:16:30]} Bg5 {[%emt
0:07:30]} 17. Rc2 {[%emt 0:03:30]} O-O {[%emt 0:27:30]} 18. bxa5 {[%emt 0:08:
30]} Qxd4 {[%emt 0:01:30]} 19. Nd1 {[%emt 0:04:30]} Qa4 {[%emt 0:00:30]} 20.
Rc3 {[%emt 0:07:30]} d4 {[%emt 0:02:30]} 21. Rxc8 {[%emt 0:02:30]} Rxc8 {[%emt
0:00:30]} 22. Bd3 {[%emt 0:11:22]} Nxd3+ {[%emt 0:02:30]} 23. Qxd3 {[%emt 0:00:
06]} Bb5 {[%emt 0:00:30]} 24. Qxd4 {[%emt 0:01:17]} Rd8 {[%emt 0:00:30]} 25.
Qxd8+ {[%emt 0:02:24]} Bxd8 {[%emt 0:00:00]} 26. Nc3 {[%emt 0:00:15]} Qd4 {
[%emt 0:03:00]} 27. Nf3 {[%emt 0:05:16]} Qxg4 {[%emt 0:02:30]} 28. Nxb5 {[%emt
0:01:17]} Bxa5+ {[%emt 0:00:30]} 0-1

[Event "Wch u20 girls"]
[Site "Kocaeli"]
[Date "2013.09.23"]
[Round "10.20"]
[White "Bezgodova, Maria"]
[Black "Assaubayeva, Bibissara"]
[Result "1-0"]
[WhiteElo "2172"]
[BlackElo "1761"]
[PlyCount "143"]
[EventDate "2013.09.??"]
[EventType "swiss"]
[EventRounds "13"]
[EventCountry "TUR"]
[Source "CBase R.Goldau"]
[SourceDate "2000.03.01"]
[TimeControl "40/5400+30:1800+30"]

1. e4 {[%emt 0:00:30]} c5 {[%emt 0:00:30]} 2. Nf3 {[%emt 0:00:00]} d6 {[%emt 0:
00:00]} 3. d4 {[%emt 0:00:00]} cxd4 {[%emt 0:00:00]} 4. Nxd4 {[%emt 0:00:00]}
Nf6 {[%emt 0:00:30]} 5. Nc3 {[%emt 0:00:00]} g6 {[%emt 0:00:30]} 6. Be2 {[%emt
0:03:30]} Bg7 {[%emt 0:00:30]} 7. O-O {[%emt 0:00:30]} O-O {[%emt 0:00:30]} 8.
Bg5 {[%emt 0:01:30]} Nc6 {[%emt 0:01:30]} 9. Nb3 {[%emt 0:00:30]} a6 {[%emt 0:
04:30]} 10. Re1 {[%emt 0:02:30]} b5 {[%emt 0:11:30]} 11. Bf1 {[%emt 0:05:30]}
Bb7 {[%emt 0:01:30]} 12. Qd2 {[%emt 0:07:30]} Ne5 {[%emt 0:06:30]} 13. Nd5 {
[%emt 0:06:30]} Bxd5 {[%emt 0:14:30]} 14. exd5 {[%emt 0:00:30]} Rc8 {[%emt 0:
01:30]} 15. c3 {[%emt 0:23:30]} Qc7 {[%emt 0:12:30]} 16. Nd4 {[%emt 0:14:30]}
Qc5 {[%emt 0:06:30]} 17. a4 {[%emt 0:02:30]} Qxd5 {[%emt 0:21:03]} 18. axb5 {
[%emt 0:00:30]} axb5 {[%emt 0:00:24]} 19. Nxb5 {[%emt 0:02:30]} Qxd2 {[%emt 0:
04:42]} 20. Bxd2 {[%emt 0:00:00]} Ra8 {[%emt 0:01:39]} 21. Nd4 {[%emt 0:04:00]}
Rxa1 {[%emt 0:03:07]} 22. Rxa1 {[%emt 0:00:00]} Ne4 {[%emt 0:00:16]} 23. Be1 {
[%emt 0:03:00]} Nc5 {[%emt 0:01:03]} 24. b4 {[%emt 0:01:30]} Ncd3 {[%emt 0:01:
10]} 25. Bd2 {[%emt 0:04:02]} Rc8 {[%emt 0:01:16]} 26. b5 {[%emt 0:01:43]} Nc5
{[%emt 0:01:41]} 27. f4 {[%emt 0:03:41]} Ned7 {[%emt 0:00:48]} 28. Ra7 {[%emt
0:00:44]} Bf6 {[%emt 0:01:21]} 29. g3 {[%emt 0:02:27]} Nb6 {[%emt 0:00:48]} 30.
Nc6 {[%emt 0:01:28]} Kf8 {[%emt 0:00:54]} 31. c4 {[%emt 0:01:37]} Ke8 {[%emt 0:
01:15]} 32. Ba5 {[%emt 0:01:02]} Ncd7 {[%emt 0:00:20]} 33. Ra6 {[%emt 0:01:22]}
Na4 {[%emt 0:00:48]} 34. Bg2 {[%emt 0:02:06]} Ndc5 {[%emt 0:00:15]} 35. Ra7 {
[%emt 0:00:13]} Nd7 {[%emt 0:00:10]} 36. Bd2 {[%emt 0:02:25]} Nab6 {[%emt 0:00:
09]} 37. Bf1 {[%emt 0:01:14]} Nc5 {[%emt 0:00:39]} 38. Be3 {[%emt 0:00:34]}
Ncd7 {[%emt 0:00:19]} 39. Ra6 {[%emt 0:00:41]} Na8 {[%emt 0:00:48]} 40. b6 {
[%emt 0:00:00]} Ndxb6 {[%emt 0:00:00]} 41. Bxb6 {[%emt 0:01:11]} Nxb6 {[%emt 0:
02:35]} 42. Rxb6 {[%emt 0:00:30]} Kd7 {[%emt 0:00:00]} 43. Bg2 {[%emt 0:00:30]}
Rc7 {[%emt 0:02:00]} 44. Kf1 {[%emt 0:00:30]} e6 {[%emt 0:04:30]} 45. Ke2 {
[%emt 0:00:30]} h6 {[%emt 0:00:30]} 46. Kd3 {[%emt 0:01:30]} g5 {[%emt 0:00:30]
} 47. f5 {[%emt 0:08:30]} g4 {[%emt 0:01:30]} 48. Rb8 {[%emt 0:01:30]} Rxc6 {
[%emt 0:02:30]} 49. Bxc6+ {[%emt 0:00:00]} Kxc6 {[%emt 0:00:00]} 50. Rf8 {
[%emt 0:00:00]} exf5 {[%emt 0:00:00]} 51. Rxf7 {[%emt 0:00:30]} Bg5 {[%emt 0:
00:30]} 52. Rxf5 {[%emt 0:00:00]} Kd7 {[%emt 0:00:30]} 53. Ke4 {[%emt 0:00:00]}
Ke6 {[%emt 0:00:30]} 54. Ra5 {[%emt 0:00:30]} Bf6 {[%emt 0:00:30]} 55. Kf4 {
[%emt 0:01:30]} Bc3 {[%emt 0:00:30]} 56. Rb5 {[%emt 0:00:30]} Be5+ {[%emt 0:00:
30]} 57. Kxg4 {[%emt 0:00:00]} Kf7 {[%emt 0:00:30]} 58. Kh5 {[%emt 0:01:00]}
Bg7 {[%emt 0:00:30]} 59. Rf5+ {[%emt 0:00:00]} Ke6 {[%emt 0:00:30]} 60. Kg6 {
[%emt 0:00:00]} Bd4 {[%emt 0:00:30]} 61. Rf1 {[%emt 0:00:30]} Bc3 {[%emt 0:00:
30]} 62. Kxh6 {[%emt 0:00:30]} Ke5 {[%emt 0:00:30]} 63. Rd1 {[%emt 0:00:00]}
Ke6 {[%emt 0:01:30]} 64. g4 {[%emt 0:00:00]} Be5 {[%emt 0:00:00]} 65. h4 {
[%emt 0:00:00]} Kf7 {[%emt 0:00:00]} 66. Kh7 {[%emt 0:00:00]} Kf8 {[%emt 0:00:
30]} 67. Rf1+ {[%emt 0:00:30]} Ke7 {[%emt 0:01:30]} 68. g5 {[%emt 0:00:30]} Kd7
{[%emt 0:00:00]} 69. g6 {[%emt 0:00:00]} Kc6 {[%emt 0:00:00]} 70. g7 {[%emt 0:
00:00]} Bxg7 {[%emt 0:00:30]} 71. Kxg7 {[%emt 0:00:30]} Kc5 {[%emt 0:00:00]}
72. Rh1 {[%emt 0:00:30]} 1-0

[Event "Wch u20 girls"]
[Site "Kocaeli"]
[Date "2013.09.23"]
[Round "10.21"]
[White "Karabayeva, Zhanna"]
[Black "Saranya, J."]
[Result "0-1"]
[WhiteElo "2029"]
[BlackElo "2094"]
[PlyCount "66"]
[EventDate "2013.09.??"]
[EventType "swiss"]
[EventRounds "13"]
[EventCountry "TUR"]
[Source "CBase R.Goldau"]
[SourceDate "2000.03.01"]
[TimeControl "40/5400+30:1800+30"]

1. e4 {[%emt 0:00:30]} c5 {[%emt 0:00:30]} 2. Nc3 {[%emt 0:00:00]} d6 {[%emt 0:
00:30]} 3. f4 {[%emt 0:00:00]} Nc6 {[%emt 0:00:30]} 4. Bb5 {[%emt 0:00:00]} Bd7
{[%emt 0:00:30]} 5. Bxc6 {[%emt 0:00:00]} Bxc6 {[%emt 0:00:30]} 6. Nf3 {[%emt
0:00:30]} g6 {[%emt 0:00:30]} 7. O-O {[%emt 0:00:00]} Bg7 {[%emt 0:00:30]} 8.
d3 {[%emt 0:00:00]} Qc7 {[%emt 0:01:30]} 9. Qe1 {[%emt 0:03:30]} O-O-O {[%emt
0:02:30]} 10. Rb1 {[%emt 0:21:30]} e6 {[%emt 0:08:30]} 11. b4 {[%emt 0:05:30]}
cxb4 {[%emt 0:00:30]} 12. Rxb4 {[%emt 0:00:30]} d5 {[%emt 0:02:30]} 13. e5 {
[%emt 0:01:30]} Bf8 {[%emt 0:03:30]} 14. Rb1 {[%emt 0:03:30]} Bc5+ {[%emt 0:05:
30]} 15. Kh1 {[%emt 0:07:30]} Nh6 {[%emt 0:01:30]} 16. d4 {[%emt 0:07:30]} Bb6
{[%emt 0:03:30]} 17. Nb5 {[%emt 0:10:30]} Bxb5 {[%emt 0:00:30]} 18. Rxb5 {
[%emt 0:00:00]} Nf5 {[%emt 0:01:30]} 19. c3 {[%emt 0:05:00]} h5 {[%emt 0:01:30]
} 20. Ba3 {[%emt 0:00:30]} a6 {[%emt 0:01:30]} 21. Rb3 {[%emt 0:00:30]} h4 {
[%emt 0:02:30]} 22. Kg1 {[%emt 0:02:30]} Ba7 {[%emt 0:02:30]} 23. Rf2 {[%emt 0:
02:30]} Rd7 {[%emt 0:04:30]} 24. Rfb2 {[%emt 0:04:30]} Qc6 {[%emt 0:00:30]} 25.
Qf2 {[%emt 0:00:30]} Kb8 {[%emt 0:03:30]} 26. Ne1 {[%emt 0:03:30]} Qc4 {[%emt
0:03:30]} 27. Bc5 {[%emt 0:05:39]} Bxc5 {[%emt 0:02:30]} 28. dxc5 {[%emt 0:00:
03]} Rc8 {[%emt 0:01:30]} 29. Kh1 {[%emt 0:04:00]} Qxc5 {[%emt 0:00:30]} 30.
Qe2 {[%emt 0:00:53]} Ng3+ {[%emt 0:01:30]} 31. hxg3 {[%emt 0:00:19]} hxg3 {
[%emt 0:00:30]} 32. Qg4 {[%emt 0:00:58]} Rh8+ {[%emt 0:03:30]} 33. Qh3 {[%emt
0:00:00]} Qe3 {[%emt 0:00:00]} 0-1

[Event "Wch u20 girls"]
[Site "Kocaeli"]
[Date "2013.09.23"]
[Round "10.22"]
[White "Iwanow, Anna"]
[Black "Anu, Bayar"]
[Result "1-0"]
[WhiteElo "2210"]
[BlackElo "2012"]
[PlyCount "67"]
[EventDate "2013.09.??"]
[EventType "swiss"]
[EventRounds "13"]
[EventCountry "TUR"]
[Source "CBase R.Goldau"]
[SourceDate "2000.03.01"]
[TimeControl "40/5400+30:1800+30"]

1. e4 {[%emt 0:00:30]} c5 {[%emt 0:00:30]} 2. Nf3 {[%emt 0:00:00]} g6 {[%emt 0:
00:00]} 3. d4 {[%emt 0:00:00]} cxd4 {[%emt 0:00:00]} 4. Nxd4 {[%emt 0:00:30]}
Bg7 {[%emt 0:00:00]} 5. c4 {[%emt 0:00:00]} Nc6 {[%emt 0:00:00]} 6. Be3 {[%emt
0:01:00]} Nf6 {[%emt 0:01:30]} 7. Nc3 {[%emt 0:00:00]} d6 {[%emt 0:00:30]} 8.
Be2 {[%emt 0:00:00]} O-O {[%emt 0:01:30]} 9. O-O {[%emt 0:00:30]} a5 {[%emt 0:
04:30]} 10. Kh1 {[%emt 0:03:30]} Nd7 {[%emt 0:01:30]} 11. Ndb5 {[%emt 0:07:30]}
b6 {[%emt 0:06:30]} 12. Qd2 {[%emt 0:08:30]} Nc5 {[%emt 0:02:30]} 13. Rad1 {
[%emt 0:02:30]} Be6 {[%emt 0:09:30]} 14. Bh6 {[%emt 0:07:30]} Ne5 {[%emt 0:05:
30]} 15. Bxg7 {[%emt 0:00:00]} Kxg7 {[%emt 0:00:30]} 16. f4 {[%emt 0:01:00]}
Nc6 {[%emt 0:02:30]} 17. f5 {[%emt 0:05:30]} Bc8 {[%emt 0:06:30]} 18. f6+ {
[%emt 0:03:30]} exf6 {[%emt 0:01:30]} 19. Nxd6 {[%emt 0:01:30]} Be6 {[%emt 0:
02:30]} 20. Qf4 {[%emt 0:10:30]} Qe7 {[%emt 0:02:30]} 21. Nd5 {[%emt 0:07:30]}
Bxd5 {[%emt 0:00:30]} 22. exd5 {[%emt 0:00:30]} Ne5 {[%emt 0:04:30]} 23. Nb5 {
[%emt 0:00:30]} Ned7 {[%emt 0:02:30]} 24. Bf3 {[%emt 0:03:30]} Qe5 {[%emt 0:02:
30]} 25. Qd2 {[%emt 0:01:30]} Ne4 {[%emt 0:07:30]} 26. Bxe4 {[%emt 0:02:30]}
Qxe4 {[%emt 0:00:00]} 27. Rf4 {[%emt 0:03:30]} Qe7 {[%emt 0:09:00]} 28. d6 {
[%emt 0:04:30]} Qe5 {[%emt 0:00:30]} 29. Qf2 {[%emt 0:06:32]} Rae8 {[%emt 0:02:
30]} 30. Nc7 {[%emt 0:02:26]} Qe2 {[%emt 0:01:30]} 31. Nxe8+ {[%emt 0:00:33]}
Rxe8 {[%emt 0:00:30]} 32. Qxe2 {[%emt 0:03:34]} Rxe2 {[%emt 0:00:00]} 33. Kg1 {
[%emt 0:01:39]} Rxb2 {[%emt 0:01:00]} 34. Re4 {[%emt 0:00:14]} 1-0

[Event "Wch u20 girls"]
[Site "Kocaeli"]
[Date "2013.09.23"]
[Round "10.23"]
[White "Firat, Deniz"]
[Black "Juhasz, Barbara"]
[Result "0-1"]
[WhiteElo "1664"]
[BlackElo "2169"]
[PlyCount "116"]
[EventDate "2013.09.??"]
[EventType "swiss"]
[EventRounds "13"]
[EventCountry "TUR"]
[Source "CBase R.Goldau"]
[SourceDate "2000.03.01"]
[TimeControl "40/5400+30:1800+30"]

1. d4 {[%emt 0:00:30]} Nf6 {[%emt 0:00:30]} 2. c4 {[%emt 0:00:00]} g6 {[%emt 0:
00:00]} 3. Nf3 {[%emt 0:00:00]} Bg7 {[%emt 0:00:00]} 4. g3 {[%emt 0:00:00]} O-O
{[%emt 0:00:00]} 5. Bg2 {[%emt 0:00:00]} d6 {[%emt 0:00:00]} 6. O-O {[%emt 0:
00:00]} Nbd7 {[%emt 0:00:30]} 7. Nc3 {[%emt 0:00:00]} e5 {[%emt 0:00:00]} 8. e4
{[%emt 0:00:30]} c6 {[%emt 0:00:00]} 9. h3 {[%emt 0:00:00]} Qb6 {[%emt 0:00:00]
} 10. Re1 {[%emt 0:00:00]} exd4 {[%emt 0:00:00]} 11. Nxd4 {[%emt 0:00:00]} Re8
{[%emt 0:00:30]} 12. Re2 {[%emt 0:00:00]} Qb4 {[%emt 0:00:30]} 13. Rc2 {[%emt
0:00:30]} Nc5 {[%emt 0:00:30]} 14. f3 {[%emt 0:18:30]} a5 {[%emt 0:19:30]} 15.
Be3 {[%emt 0:09:30]} a4 {[%emt 0:05:30]} 16. Rb1 {[%emt 0:14:30]} Ne6 {[%emt 0:
15:30]} 17. b3 {[%emt 0:07:30]} axb3 {[%emt 0:06:30]} 18. axb3 {[%emt 0:03:30]}
Nh5 {[%emt 0:01:30]} 19. g4 {[%emt 0:05:30]} Nhf4 {[%emt 0:05:30]} 20. Nxe6 {
[%emt 0:02:30]} Nxe6 {[%emt 0:00:30]} 21. Na4 {[%emt 0:02:30]} Bd4 {[%emt 0:04:
30]} 22. Bxd4 {[%emt 0:04:30]} Nxd4 {[%emt 0:00:30]} 23. Qxd4 {[%emt 0:00:30]}
Rxa4 {[%emt 0:00:00]} 24. Rbb2 {[%emt 0:06:30]} Ra3 {[%emt 0:07:00]} 25. Rc3 {
[%emt 0:03:30]} Qc5 {[%emt 0:03:30]} 26. Qxc5 {[%emt 0:04:37]} dxc5 {[%emt 0:
00:30]} 27. f4 {[%emt 0:00:32]} Rd8 {[%emt 0:00:30]} 28. Kf2 {[%emt 0:01:59]}
f6 {[%emt 0:10:30]} 29. f5 {[%emt 0:01:58]} Kf7 {[%emt 0:04:51]} 30. Ke3 {
[%emt 0:03:58]} Re8 {[%emt 0:02:01]} 31. Kf4 {[%emt 0:02:17]} Rd8 {[%emt 0:05:
07]} 32. Ke3 {[%emt 0:03:32]} Ke7 {[%emt 0:00:51]} 33. h4 {[%emt 0:01:29]} gxf5
{[%emt 0:00:25]} 34. exf5 {[%emt 0:01:17]} h5 {[%emt 0:00:40]} 35. gxh5 {[%emt
0:01:25]} Bxf5 {[%emt 0:00:16]} 36. Bf3 {[%emt 0:00:35]} Rd4 {[%emt 0:00:54]}
37. Rg2 {[%emt 0:01:31]} Rxh4 {[%emt 0:00:37]} 38. Rg7+ {[%emt 0:00:32]} Kd6 {
[%emt 0:00:23]} 39. Rxb7 {[%emt 0:01:01]} Ra1 {[%emt 0:01:56]} 40. Rf7 {[%emt
0:00:00]} Ke5 {[%emt 0:00:00]} 41. Re7+ {[%emt 0:04:17]} Be6 {[%emt 0:08:29]}
42. Kf2 {[%emt 0:02:30]} Ra2+ {[%emt 0:00:00]} 43. Kg1 {[%emt 0:01:30]} Kd4 {
[%emt 0:03:00]} 44. Rc1 {[%emt 0:01:30]} Rf4 {[%emt 0:03:30]} 45. Rxe6 {[%emt
0:07:52]} Rxf3 {[%emt 0:00:00]} 46. Rxc6 {[%emt 0:02:26]} f5 {[%emt 0:04:00]}
47. Rd1+ {[%emt 0:04:14]} Ke4 {[%emt 0:00:30]} 48. Rxc5 {[%emt 0:00:23]} Rg3+ {
[%emt 0:00:30]} 49. Kf1 {[%emt 0:05:50]} f4 {[%emt 0:04:56]} 50. Rcd5 {[%emt 0:
02:06]} Rxb3 {[%emt 0:03:29]} 51. h6 {[%emt 0:01:50]} Rh2 {[%emt 0:00:09]} 52.
R5d2 {[%emt 0:01:07]} Rxh6 {[%emt 0:01:09]} 53. Rd4+ {[%emt 0:02:15]} Ke3 {
[%emt 0:02:39]} 54. Rd8 {[%emt 0:00:38]} Rc3 {[%emt 0:02:14]} 55. R8d4 {[%emt
0:00:43]} f3 {[%emt 0:05:00]} 56. Kg1 {[%emt 0:00:56]} f2+ {[%emt 0:00:58]} 57.
Kf1 {[%emt 0:00:33]} Rh1+ {[%emt 0:00:10]} 58. Kg2 {[%emt 0:00:09]} Rg1+ {
[%emt 0:00:03]} 0-1

[Event "Wch u20 girls"]
[Site "Kocaeli"]
[Date "2013.09.23"]
[Round "10.24"]
[White "Monnisha, Gk"]
[Black "Armas, Lena"]
[Result "1-0"]
[WhiteElo "2094"]
[BlackElo "1920"]
[PlyCount "63"]
[EventDate "2013.09.??"]
[EventType "swiss"]
[EventRounds "13"]
[EventCountry "TUR"]
[Source "CBase R.Goldau"]
[SourceDate "2000.03.01"]
[TimeControl "40/5400+30:1800+30"]

1. e4 {[%emt 0:00:30]} d5 {[%emt 0:00:30]} 2. exd5 {[%emt 0:00:30]} Qxd5 {
[%emt 0:00:00]} 3. Nc3 {[%emt 0:00:00]} Qd6 {[%emt 0:00:00]} 4. d4 {[%emt 0:00:
00]} Nf6 {[%emt 0:00:00]} 5. Bc4 {[%emt 0:00:30]} a6 {[%emt 0:01:00]} 6. a4 {
[%emt 0:00:30]} Nc6 {[%emt 0:03:30]} 7. Nge2 {[%emt 0:01:30]} e5 {[%emt 0:02:
30]} 8. d5 {[%emt 0:11:30]} Ne7 {[%emt 0:15:30]} 9. b3 {[%emt 0:03:30]} Bf5 {
[%emt 0:02:30]} 10. Ng3 {[%emt 0:17:30]} Bg6 {[%emt 0:01:30]} 11. Ba3 {[%emt 0:
04:30]} c5 {[%emt 0:11:30]} 12. Qd2 {[%emt 0:11:30]} Rd8 {[%emt 0:04:30]} 13.
O-O-O {[%emt 0:00:30]} Nf5 {[%emt 0:05:30]} 14. Nxf5 {[%emt 0:03:30]} Bxf5 {
[%emt 0:00:00]} 15. f3 {[%emt 0:00:30]} g6 {[%emt 0:13:00]} 16. Kb1 {[%emt 0:
02:30]} Bg7 {[%emt 0:00:30]} 17. g4 {[%emt 0:01:30]} Bd7 {[%emt 0:01:30]} 18.
g5 {[%emt 0:00:30]} Nh5 {[%emt 0:01:30]} 19. Ne4 {[%emt 0:00:30]} Qc7 {[%emt 0:
03:30]} 20. Bxc5 {[%emt 0:06:30]} b6 {[%emt 0:02:30]} 21. Ba3 {[%emt 0:01:30]}
Bxa4 {[%emt 0:05:30]} 22. d6 {[%emt 0:04:30]} Qd7 {[%emt 0:10:53]} 23. bxa4 {
[%emt 0:00:00]} O-O {[%emt 0:03:06]} 24. Bb3 {[%emt 0:00:00]} a5 {[%emt 0:01:
30]} 25. Qd5 {[%emt 0:02:30]} Kh8 {[%emt 0:04:13]} 26. Qb5 {[%emt 0:00:00]} f5
{[%emt 0:00:32]} 27. gxf6 {[%emt 0:00:00]} Nxf6 {[%emt 0:00:14]} 28. Nxf6 {
[%emt 0:00:30]} Rxf6 {[%emt 0:00:22]} 29. Qxd7 {[%emt 0:02:30]} Rxd7 {[%emt 0:
00:01]} 30. Rhe1 {[%emt 0:00:30]} Rxf3 {[%emt 0:02:01]} 31. Rf1 {[%emt 0:00:30]
} Rc3 {[%emt 0:03:12]} 32. Ka2 {[%emt 0:01:30]} 1-0

[Event "Wch u20 girls"]
[Site "Kocaeli"]
[Date "2013.09.23"]
[Round "10.25"]
[White "Kuchava, Ana"]
[Black "Urbonaviciute, Zivile"]
[Result "1-0"]
[WhiteElo "2092"]
[BlackElo "1826"]
[PlyCount "105"]
[EventDate "2013.09.??"]
[EventType "swiss"]
[EventRounds "13"]
[EventCountry "TUR"]
[Source "CBase R.Goldau"]
[SourceDate "2000.03.01"]
[TimeControl "40/5400+30:1800+30"]

1. d4 {[%emt 0:00:30]} d5 {[%emt 0:00:30]} 2. Nf3 {[%emt 0:00:00]} Nf6 {[%emt
0:00:00]} 3. c4 {[%emt 0:00:00]} c6 {[%emt 0:00:00]} 4. Nc3 {[%emt 0:00:30]} e6
{[%emt 0:00:30]} 5. e3 {[%emt 0:00:30]} Nbd7 {[%emt 0:00:30]} 6. Bd3 {[%emt 0:
00:00]} Be7 {[%emt 0:00:30]} 7. O-O {[%emt 0:01:00]} dxc4 {[%emt 0:07:30]} 8.
Bxc4 {[%emt 0:00:30]} b5 {[%emt 0:00:30]} 9. Bd3 {[%emt 0:00:30]} a6 {[%emt 0:
01:30]} 10. e4 {[%emt 0:10:30]} c5 {[%emt 0:02:30]} 11. e5 {[%emt 0:05:30]} Nd5
{[%emt 0:02:30]} 12. Nxd5 {[%emt 0:01:30]} exd5 {[%emt 0:00:30]} 13. Re1 {
[%emt 0:02:30]} O-O {[%emt 0:02:30]} 14. Bb1 {[%emt 0:02:30]} Re8 {[%emt 0:06:
30]} 15. dxc5 {[%emt 0:06:30]} Nxc5 {[%emt 0:03:30]} 16. Nd4 {[%emt 0:00:30]}
Bf8 {[%emt 0:06:30]} 17. f4 {[%emt 0:16:30]} g6 {[%emt 0:11:30]} 18. Kh1 {
[%emt 0:01:30]} Qh4 {[%emt 0:02:30]} 19. Nf3 {[%emt 0:07:30]} Qd8 {[%emt 0:08:
30]} 20. Be3 {[%emt 0:01:30]} Ne4 {[%emt 0:04:30]} 21. Bd4 {[%emt 0:02:30]} Bh6
{[%emt 0:00:30]} 22. g3 {[%emt 0:06:30]} Bb7 {[%emt 0:02:30]} 23. Nd2 {[%emt 0:
04:30]} f5 {[%emt 0:03:30]} 24. exf6 {[%emt 0:01:30]} Nxf6 {[%emt 0:02:30]} 25.
Rxe8+ {[%emt 0:00:30]} Nxe8 {[%emt 0:00:30]} 26. Nf3 {[%emt 0:02:30]} Nd6 {
[%emt 0:02:30]} 27. Ne5 {[%emt 0:01:30]} Ne4 {[%emt 0:01:30]} 28. Kg2 {[%emt 0:
05:40]} Bg7 {[%emt 0:07:30]} 29. Bd3 {[%emt 0:05:13]} Rc8 {[%emt 0:03:29]} 30.
Rc1 {[%emt 0:06:03]} Nd6 {[%emt 0:03:55]} 31. h4 {[%emt 0:03:09]} Nc4 {[%emt 0:
06:47]} 32. b3 {[%emt 0:01:50]} Nxe5 {[%emt 0:00:41]} 33. fxe5 {[%emt 0:00:10]}
Qe7 {[%emt 0:00:23]} 34. Rxc8+ {[%emt 0:01:14]} Bxc8 {[%emt 0:00:05]} 35. Qc1 {
[%emt 0:02:34]} Qe6 {[%emt 0:00:40]} 36. Qf4 {[%emt 0:00:16]} Bd7 {[%emt 0:01:
56]} 37. Qg5 {[%emt 0:01:22]} Qh3+ {[%emt 0:02:54]} 38. Kg1 {[%emt 0:00:11]}
Qe6 {[%emt 0:01:02]} 39. h5 {[%emt 0:00:51]} gxh5 {[%emt 0:01:27]} 40. Qxh5 {
[%emt 0:00:00]} Bh6 {[%emt 0:00:00]} 41. Kh2 {[%emt 0:08:27]} Bc8 {[%emt 0:07:
11]} 42. g4 {[%emt 0:03:30]} Bf4+ {[%emt 0:05:30]} 43. Kh3 {[%emt 0:00:30]} Qe7
{[%emt 0:01:30]} 44. b4 {[%emt 0:05:54]} Be6 {[%emt 0:01:26]} 45. Bf5 {[%emt 0:
06:26]} Qd7 {[%emt 0:05:54]} 46. Kg2 {[%emt 0:04:33]} Qf7 {[%emt 0:06:03]} 47.
Qh4 {[%emt 0:04:24]} h6 {[%emt 0:06:27]} 48. Qd8+ {[%emt 0:00:54]} Kg7 {[%emt
0:00:05]} 49. Qb6 {[%emt 0:00:26]} Be3 {[%emt 0:02:07]} 50. Bxe3 {[%emt 0:00:
42]} Bxf5 {[%emt 0:00:05]} 51. Qxh6+ {[%emt 0:00:26]} Kg8 {[%emt 0:00:03]} 52.
gxf5 {[%emt 0:00:15]} Qxf5 {[%emt 0:00:31]} 53. Qg5+ {[%emt 0:00:16]} 1-0

[Event "Wch u20 girls"]
[Site "Kocaeli"]
[Date "2013.09.23"]
[Round "10.26"]
[White "Liu, Hongyan"]
[Black "Adanmis, Ezgi"]
[Result "1-0"]
[WhiteElo "2065"]
[BlackElo "1499"]
[PlyCount "67"]
[EventDate "2013.09.??"]
[EventType "swiss"]
[EventRounds "13"]
[EventCountry "TUR"]
[Source "CBase R.Goldau"]
[SourceDate "2000.03.01"]
[TimeControl "40/5400+30:1800+30"]

1. d4 {[%emt 0:00:30]} Nf6 {[%emt 0:00:30]} 2. c4 {[%emt 0:00:00]} e6 {[%emt 0:
00:00]} 3. g3 {[%emt 0:00:00]} Bb4+ {[%emt 0:01:00]} 4. Bd2 {[%emt 0:00:30]}
Qe7 {[%emt 0:02:30]} 5. Bg2 {[%emt 0:03:30]} O-O {[%emt 0:02:30]} 6. a3 {[%emt
0:07:30]} Bxd2+ {[%emt 0:00:30]} 7. Nxd2 {[%emt 0:01:30]} d5 {[%emt 0:04:30]}
8. Ngf3 {[%emt 0:01:30]} Nbd7 {[%emt 0:05:30]} 9. O-O {[%emt 0:01:30]} b6 {
[%emt 0:03:30]} 10. Rc1 {[%emt 0:03:30]} Bb7 {[%emt 0:00:30]} 11. cxd5 {[%emt
0:01:30]} Nxd5 {[%emt 0:10:30]} 12. e4 {[%emt 0:01:30]} N5f6 {[%emt 0:00:30]}
13. Rxc7 {[%emt 0:02:30]} Ba6 {[%emt 0:02:30]} 14. Re1 {[%emt 0:00:30]} Rfc8 {
[%emt 0:01:30]} 15. Rxc8+ {[%emt 0:02:30]} Rxc8 {[%emt 0:00:30]} 16. Qa4 {
[%emt 0:00:30]} Nb8 {[%emt 0:01:30]} 17. e5 {[%emt 0:17:30]} Nd5 {[%emt 0:05:
30]} 18. Ne4 {[%emt 0:00:30]} Rc4 {[%emt 0:03:30]} 19. Qd1 {[%emt 0:00:30]} Qc7
{[%emt 0:09:30]} 20. Nd6 {[%emt 0:10:30]} Rc6 {[%emt 0:03:30]} 21. Ng5 {[%emt
0:00:30]} Qe7 {[%emt 0:17:30]} 22. Bxd5 {[%emt 0:05:30]} exd5 {[%emt 0:03:50]}
23. e6 {[%emt 0:02:30]} f6 {[%emt 0:04:22]} 24. Ngf7 {[%emt 0:03:30]} Rxd6 {
[%emt 0:00:55]} 25. Nxd6 {[%emt 0:00:30]} Qxd6 {[%emt 0:00:04]} 26. e7 {[%emt
0:00:30]} Bb5 {[%emt 0:00:19]} 27. e8=Q+ {[%emt 0:02:30]} Bxe8 {[%emt 0:00:03]}
28. Rxe8+ {[%emt 0:00:30]} Kf7 {[%emt 0:00:06]} 29. Re1 {[%emt 0:00:00]} g6 {
[%emt 0:01:05]} 30. Qc1 {[%emt 0:01:00]} Kg7 {[%emt 0:01:31]} 31. Qc8 {[%emt 0:
00:30]} Nd7 {[%emt 0:03:58]} 32. Qd8 {[%emt 0:00:30]} Qc6 {[%emt 0:03:16]} 33.
Re7+ {[%emt 0:00:30]} Kh6 {[%emt 0:00:04]} 34. Qxd7 {[%emt 0:00:30]} 1-0